| 000 | 00932nam a2200229Ia 4500 | ||
|---|---|---|---|
| 010 | _aBAC-EN21 ENG-111460 | ||
| 020 |
_a9788122308006 _c135.00 |
||
| 035 | _aEN-94992 | ||
| 035 | _aB-587755-791 | ||
| 035 | _aB-664972 | ||
| 037 | _bDBAD/PUB | ||
| 082 | _a650.1 | ||
| 100 | _aVas, Anita S. R. | ||
| 245 |
_aSolve your problems- the Birbal way : _cby Anita S. R. Vas [and] Luis S. R. Vas _binsight from the legendary guru to solve family, professional and business problems / |
||
| 260 |
_c2014 _aNew Delhi _bPustak Mahal |
||
| 270 |
_aJ-3/16, Daryaganj _bNew Delhi _e110002 |
||
| 300 |
_c23cm(Hb) _a200p. : _bill. _e1CD-ROM |
||
| 700 | _aVas,Luis S.R. | ||
| 942 |
_cEN _2ddc _mVAS _h650.1 |
||
| 999 |
_c89421 _d89421 |
||